Kansas City Royals Trivia - Statistics

General Stats
  • This quiz has been taken 412 times
    321 since last reset
  • The average score is 9 of 12
Answer Stats
Hint Answer % Correct
The only person in history to be named an MLB All-Star and an NFL Pro Bowler Bo Jackson
94%
Third baseman who hit .390 in a strike-shortened 1981 season George Brett
93%
Substance that the above player had on his bat barrel which caused a home run to be disallowed in 1983 Pine tar
90%
Team that the Royals beat in the "I-70 Series" to clinch their first World Series title in 1985 St. Louis Cardinals
88%
Name of the Royals' stadium {Kauffman} Stadium
86%
Shortstop who signed an 11 year, $287 million contract in 2024 Bobby Witt Jr.
85%
Catcher who was named MVP of the 2015 World Series Salvador Perez
79%
Future Hall of Famer who recorded a dismal 1-15 record for the Royals in 2023 Zack Greinke
69%
Cy Young award winner in 1985 and 1989. Sabermetrics loves him! Bret Saberhagen
62%
Submarine style pitcher nicknamed "Quiz" Dan Quisenberry
58%
Phenom pitcher, nickname "Flash", who won 17 games a rookie in 1989 Tom Gordon
46%
Speedster who owns the Royals single-season records for at-bats (705), hits (230), stolen bases (83), and triples (21) Willie Wilson
40%
No matching quizzes found
Score Distribution
Percent of People with Each Score
Percentile by Number Answered
Your Score History
You have not taken this quiz since the last reset